| 000 | 00392nam a2200157Ia 4500 | ||
|---|---|---|---|
| 008 | 210716s2011 xx 000 0 und d | ||
| 020 | _a9788132110859 | ||
| 041 | _aeng | ||
| 082 | _a658.4092 GILR | ||
| 100 | _aGill, Roger. | ||
| 245 | _aTheory and practice of leadership. | ||
| 250 | _a2 | ||
| 260 |
_aNew Delhi _bSage Publications _c2011 |
||
| 300 | _axviii,532 | ||
| 650 | _aLeadership | ||
| 999 |
_c208025 _d208025 |
||